Normal view
MARC view
Entry Personal Name
001 - CONTROL NUMBER
- control field: 25745
003 - CONTROL NUMBER IDENTIFIER
- control field: dpl
005 - DATE AND TIME OF LATEST TRANSACTION
- control field: 20110207153730.0
008 - FIXED-LENGTH DATA ELEMENTS
- fixed length control field: 110207|||a|||||| | ||| d
040 ## - CATALOGING SOURCE
- Original cataloging agency: dpl
- Transcribing agency: dpl
100 ## - HEADING--PERSONAL NAME
- Personal name: कृष्णन, पी.
670 ## - SOURCE DATA FOUND
- Source citation: Work cat.: (dpl)49238: पोट्टेक्काट, एस. के. 25743, कथा एक प्रान्तर की / , 2006
670 ## - SOURCE DATA FOUND
- Source citation: Work cat.: (dpl)49238: पोट्टेक्काट, एस. के. 25743, कथा एक प्रान्तर की / , 2006
